| 000 | 00628 a2200181 4500 | ||
|---|---|---|---|
| 020 | _a1461495954 (hardcover) | ||
| 020 | _a9781461495956 (hardcover) | ||
| 082 | _a531 | ||
| 090 |
_c1741 _d1741 |
||
| 100 | 1 | _aDorfmann, A. Luis. | |
| 245 | 1 | 0 |
_aNonlinear theory of electroelastic and magnetoelastic interactions / _cA. Luis Dorfmann, Ray W. Ogden. |
| 250 | _a2014th ed. | ||
| 260 |
_a[S.l.] : _bSpringer, _c2014. |
||
| 300 |
_a313 p. ; _c24 cm. |
||
| 700 | _aOgden, Ra | ||
| 942 |
_aSNS _cBK _k531 DOR |
||
| 999 |
_c30348 _d30348 |
||